Statistics for ULTIMATE Riverdale Quiz

Click here to take the quiz!

General Stats

  • This quiz has been taken 102 times
  • The average score is 13 of 37

Answer Stats

CharacterActor% Correct
Archie AndrewsKJ Apa
98%
Betty CooperLili Reinhart
90%
Jughead JonesCole Sprouse
84%
Fred AndrewsLuke Perry
84%
Veronica LodgeCamila Mendes
81%
FP JonesSkeet Ulrich
64%
Kevin KellerCasey Cott
59%
Alice CooperMadchen Amick
59%
Toni TopazVanessa Morgan
55%
Hiram LodgeMark Consuelos
53%
Hermione LodgeMarisol Nichols
51%
Reggie MantleCharles Melton
45%
Mary AndrewsMolly Ringwald
42%
Reggie MantleRoss Butler
36%
Polly CooperTiera Skovbye
36%
Chic CooperHart Denton
35%
Hal CooperLochlyn Munro
34%
Josie McCoyAshleigh Murray
33%
Sweet PeaJordan Connor
29%
Ethel MuggsShannon Purser
28%
Penelope BlossomNathalie Boltt
26%
Jason BlossomTrevor Stines
21%
Fangs FogartyDrew Tanner
20%
Joaquin DeSantosRob Raco
17%
Gladys JonesGina Gershon
14%
Sheriff KellerMartin Cummins
13%
Sierra McCoyRobin Givens
12%
Jellybean JonesTrinity Linkins
12%
Pop TateAlvin Sanders
9%
Clifford BlossomBarclay Hope
9%
Chuck ClaytonJordan Calloway
9%
Cheryl BlossomMadelame Petsch
8%
Geraldine GrundySarah Habel
8%
Nick St ClairGraham Phillips
6%
Midge KlumpEmilija Baranac
5%
Myles McCoyReese Alexander
5%
Waldo WeatherbeePeter Bryant
3%

Score Distribution

Percentile by Number Answered

Percent of People with Each Score

Your Score History

You have not taken this quiz